| 000 | 00355cam a22001097a 4500 | ||
|---|---|---|---|
| 008 | 180718b1969 xxu||||| |||| 00| 0 eng d | ||
| 082 | _aQ812x5421 Ut8 | ||
| 100 | _aUttar Pradesh. Bakewar Firing Inquiry Commission | ||
| 245 | _aReport of Bakewar Firing Inquiry Commission 1968-69 (district Etawah) | ||
| 260 |
_aAllahabad _bThe author _c1969 |
||
| 300 | _a54p. | ||
| 999 |
_c489622 _d489622 |
||